Southville International School and Colleges
Your cart is empty.
  • Cart
  • Lists
    Public lists Eva Luna New books Lux_list list_1
    Your lists Log in to create your own lists
  • Log in to your account
  • Your cookies
  • Search history
Southville International School and Colleges
  • Advanced search
  • Recent comments
  • Most popular
  • Libraries

Log in to your account

Log in with GOOGLE


If you do not have an external account, but do have a local account, you can still log in:

  1. Home
  2. MARC view: Lesikar's business communication :
Normal view MARC view ISBD view

Lesikar's business communication : (Record no. 288370)

[ view plain ]
MARC details
000 -LEADER
fixed length control field 02437cam a2200301 i 4500
003 - CONTROL NUMBER IDENTIFIER
control field PILC
005 - DATE AND TIME OF LATEST TRANSACTION
control field 20150807082630.0
008 - FIXED-LENGTH DATA ELEMENTS--GENERAL INFORMATION
fixed length control field 130107s2014 nyua b 001 0 eng
010 ## - LIBRARY OF CONGRESS CONTROL NUMBER
LC control number 2012049183
020 ## - INTERNATIONAL STANDARD BOOK NUMBER
International Standard Book Number 9781259060809
020 ## - INTERNATIONAL STANDARD BOOK NUMBER
International Standard Book Number 1259060802
040 ## - CATALOGING SOURCE
Original cataloging agency DLC
Language of cataloging eng
Transcribing agency DLC
Description conventions rda
Modifying agency DLC
042 ## - AUTHENTICATION CODE
Authentication code pcc
050 00 - LIBRARY OF CONGRESS CALL NUMBER
Classification number HF 5721
Item number .R46 2014
100 1# - MAIN ENTRY--PERSONAL NAME
Personal name Rentz, Kathryn.
245 10 - TITLE STATEMENT
Title Lesikar's business communication :
Remainder of title connecting in a digital world /
Statement of responsibility, etc Kathryn Rentz, University of Cincinnati, Paula Lentz, University of Wisconsin-Eau Claire.
246 30 - VARYING FORM OF TITLE
Title proper/short title Business communication.
250 ## - EDITION STATEMENT
Edition statement 13th edition.
260 ## - PUBLICATION, DISTRIBUTION, ETC. (IMPRINT)
Place of publication, distribution, etc New York :
Name of publisher, distributor, etc McGraw-Hill,
Date of publication, distribution, etc 2014.
300 ## - PHYSICAL DESCRIPTION
Extent xxxix, 679 pages :
Other physical details illustrations ;
Dimensions 29 cm.
500 ## - GENERAL NOTE
General note Includes bibliographical references and index.
505 0# - FORMATTED CONTENTS NOTE
Formatted contents note Introduction -- Understanding workplace communication -- Communicating across cultures -- Fundamentals of business writing -- Adapting your words to your readers -- Constructing clear sentences and paragraphs -- Writing for a positive effect -- Basic patterns of business messages -- Developing your writing process and choosing the best form -- Getting to the point in good-news and neutral messages -- Maintaining goodwill in bad-news messages -- Making your case with persuasive messages and proposals -- Conducting a winning job campaign -- Fundamentals of report writing -- Preparing informative and influential business reports -- Choosing the right type of report -- Conducting research for decision makers -- Using visuals to make your point -- Oral forms of business communication -- Communicating effectively in meetings and conversations -- Delivering oral reports and business speeches -- Elements of professionalism : technological proficiency and correctness -- Leveraging technology for better writing -- Conveying professionalism through correctness -- A Corrections for the self-administered diagnostic test of correctness -- B Physical presentation of letters, memos, and reports -- C General grading checklists: punctuation, grammar, numbers, spelling, proofreading technique, strategy, and formatting -- Special codes and checklists : messages and reports -- E documentation and the bibliography -- Photo credits -- Index.
650 #0 - SUBJECT ADDED ENTRY--TOPICAL TERM
Topical term or geographic name as entry element Commercial correspondence.
650 #0 - SUBJECT ADDED ENTRY--TOPICAL TERM
Topical term or geographic name as entry element English language
General subdivision Business English.
650 #0 - SUBJECT ADDED ENTRY--TOPICAL TERM
Topical term or geographic name as entry element Business communication.
700 1# - ADDED ENTRY--PERSONAL NAME
Personal name Lentz, Paula.
942 ## - ADDED ENTRY ELEMENTS (KOHA)
Source of classification or shelving scheme Library of Congress Classification
Koha item type Books
Call number prefix Foreign
Holdings
Withdrawn status Lost status Source of classification or shelving scheme Damaged status Home library Current library Shelving location Date acquired Source of acquisition Cost, normal purchase price Sub Shelving location Total Checkouts Total Renewals Full call number Barcode Date last seen Date checked out Price effective from Koha item type
    Library of Congress Classification   College Library College Library Reserve Section 08/07/2015 Library Fund 2478.00   5 3 HF 5721 .R46 2014 C19691 02/15/2024 01/11/2024 08/07/2015 Books

Lesikar's business communication :

APA

Rentz K., Lentz P., . (2014). Lesikar's business communication. New York: McGraw-Hill.

Chicago

Rentz Kathryn, Lentz Paula, . 2014. Lesikar's business communication. New York: McGraw-Hill.

Harvard

Rentz K., Lentz P., . (2014). Lesikar's business communication. New York: McGraw-Hill.

MLA

Rentz Kathryn, Lentz Paula, . Lesikar's business communication. New York: McGraw-Hill. 2014.

  • Place hold
  • Print
  • Cite
  • Add to your cart (remove)
  • Save record
    BIBTEX Dublin Core MARCXML MARC (non-Unicode/MARC-8) MARC (Unicode/UTF-8) MARC (Unicode/UTF-8, Standard) MODS (XML) RIS
  • More searches
    Search for this title in:
    Other Libraries (WorldCat) Other Databases (Google Scholar) Online Stores (Bookfinder.com) Open Library (openlibrary.org)

Exporting to Dublin Core...

SOUTHVILLE LIBRARY

Southville International School and Colleges Library

1281 Tropical Ave. Cor. Luxembourg St., BF Homes International, Las Pinas City

Tel. No. 8256374 / 252358 Loc. 117/146

Powered by Koha